1077 1504 1019 1410 1380 1943 1377 1203 1654 1977 1498 1320 1860 1041 1808 1538 1094 1140 1454 1359 1130 1052 1980 1292 1453 1266 1173 1842 1137 1269 1336 1831 1849 1544 1521 1137 1204 1159 1446 1817 1721 1849 1669 1926 1573 1752 1001 1339 1552 1152 1786 1725 1479 1174 1336 1824 1074 1950 1363 1550 1069 1845 1884 1922 1067 1509 1363 1845 1117 1769 1010 1510 1265 1830 1334 1564 1681 1475 1594 2000 1470 1514 1742 1677 1377 1313 1037 1474 1282 1931 1683 1020 1905 1929 1893 1158 1436 1196 1030 BCNSPRNW ULIB Ver.6.0+V

เปลี่ยนเป็นภาษาไทย

Change to English
 แสดงรายละเอียดบรรณานุกรม
  กลับหน้าหลัก

Brief Record : Get Marc (ISO 2709) : E-mail record : QR code < ปิดหน้าต่าง
LEADER : 00000nam 2200000uu 4500
001    13399115277
003     ULIB
008    120809s2555||||th 000 0 tha d
020    ^a9789746522489
060  4 ^aWS290^bบ436ก
100 0  บุญชู ศิริจงกลทอง
245 00 ^aกุมารเวชศาสตร์โรคหัวใจ /^cคณะบรรณาธิการ บุญชู ศิริจงกลทอง
250    ^aพิมพ์ครั้งที่ 1
260    ^aกรุงเทพฯ :^bไอกรุ๊ป เพรส,^c2555
300    ^axv, 662 หน้า :^bภาพประกอบ
650  7 ^aหัวใจ^xโรค^xในวัยทารกและเด็ก
650  7 ^aโรคหัวใจและหลอดเลือด^xในวัยทารกและเด็ก
650  7 ^aเด็ก^xโรคหัวใจ
710 1  ชมรมกุมารแพทย์โรคหัวใจแห่งประเทศไทย
945    ^p950^l0^i19192
945    ^p950^l0^i21337
945    ^p950^l0^i21338
995    ^aทศพร
999 ^a ใช้งานได้ทุกระบบ
รายการนี้ยังไม่มีแท็ก
คุณยังไม่ได้ล็อกอิน คุณสามารถมีกิจกรรมร่วมกับเว็บไซต์ได้ แต่ต้องล็อกอินก่อน ::
  ล็อกอิน

รายการสื่อสารสนเทศ

ลำดับที่ ประเภท เลขเรียก/บาร์โค้ด สถานที่ สถานะ
1. วิทยาศาสตร์การแพทย์ และสุขภาพ
วิทยาศาสตร์การแพทย์ และสุขภาพ
สถานะ=หนังสือเก่า
WS290 บ436ก ฉ.1 
  Barcode: 19192
ห้องสมุดวิทยาเขตนครสวรรค์
►ส่วนจัดเก็บหนังสือเก่า นว.
บนชั้น
  ขอยืม
2. วิทยาศาสตร์การแพทย์ และสุขภาพ
วิทยาศาสตร์การแพทย์ และสุขภาพ
สถานะ=หนังสือเก่า
WS290 บ436ก ฉ.2 
  Barcode: 21337
ห้องสมุดวิทยาเขตนครสวรรค์
►ส่วนจัดเก็บหนังสือเก่า นว.
บนชั้น
  ขอยืม
3. วิทยาศาสตร์การแพทย์ และสุขภาพ
วิทยาศาสตร์การแพทย์ และสุขภาพ
สถานะ=หนังสือเก่า
WS290 บ436ก ฉ.3 
  Barcode: 21338
ห้องสมุดวิทยาเขตนครสวรรค์
►ส่วนจัดเก็บหนังสือเก่า นว.
บนชั้น
  ขอยืม

รายการใกล้เคียง
    ผู้แต่ง [บุญชู ศิริจงกลทอง]

BibComment


ยังไม่เคยถูกคอมเมนท์

คอมเมนท์ทรัพยากรรายการนี้
  คอมเมนท์: กุมารเวชศาสตร์โร..


 Copyright 2026. Bcnsprnw @Library